00648nam a2200193Ia 450000500170000000800410001704000190005804100120007708200130008910000150010224501450011726000390026230000120030150400500031365000140036365100450037770000220042285000100044420230617132345.0131103s9999 xx 000 0 und d aLoreto College aEnglish a301bMAR aMarx, Karl aSelected writings in sociology and social philosophycKarl Marx; edited with an introduction and notes by T.B.Bottomore and Maximilien Rubel aHarmondsworthbPenguin Booksc1979 a272 p.  aIncludes bibliographical references and index aSociology aPhilosophy and theory of social sciences aBottomore,T.B.ed. aLCLIB